Normal view
MARC view
Entry Personal Name
001 - CONTROL NUMBER
- control field: 240105
003 - CONTROL NUMBER IDENTIFIER
- control field: OSt
005 - DATE AND TIME OF LATEST TRANSACTION
- control field: 20220925171730.0
008 - FIXED-LENGTH DATA ELEMENTS
- fixed length control field: 220925|| aca||aabn | a|a d
040 ## - CATALOGING SOURCE
- Original cataloging agency: OSt
- Transcribing agency: OSt
100 ## - HEADING--PERSONAL NAME
- Personal name: BAI Kaixu
670 ## - SOURCE DATA FOUND
- Source citation: Work cat.: (OSt)483307: CHANG Ni-bin 240104, Multisensor data fusion and machine learning for environmental remote sensing., 2018
